000 00340nam a2200145Ia 4500
008 220216s9999 xx 000 0 und d
100 _aMajumdar M S
245 0 _aNitrile rubbers (NBR) - Part 1
260 _bRubber India
_c1997
300 _a15-Sep
650 _aNBR
650 _aNitrile rubber
700 _aJoshi Tilak
942 _cJS
999 _c63955
_d63955